Guide For Internationals (Record no. 350106)

000 -LEADER
fixed length control field 00541nam a22001937a 4500
003 - CONTROL NUMBER IDENTIFIER
control field OSt
005 - DATE AND TIME OF LATEST TRANSACTION
control field 20180116183007.0
008 - FIXED-LENGTH DATA ELEMENTS--GENERAL INFORMATION
fixed length control field 150810b xxu||||| |||| 00| 0 eng d
020 ## - INTERNATIONAL STANDARD BOOK NUMBER
International Standard Book Number 9788131756140
040 ## - CATALOGING SOURCE
Transcribing agency 0
082 ## - DEWEY DECIMAL CLASSIFICATION NUMBER
Classification number 650.1 REY 2011
100 ## - MAIN ENTRY--PERSONAL NAME
Personal name Sana Reynolds
245 ## - TITLE STATEMENT
Title Guide For Internationals
Remainder of title Culture, Communication, and ESL* English as a Second Language
Statement of responsibility, etc. Sana Reynolds
260 ## - PUBLICATION, DISTRIBUTION, ETC.
Place of publication, distribution, etc. India
Name of publisher, distributor, etc. Pearson
Date of publication, distribution, etc. 2011
300 ## - PHYSICAL DESCRIPTION
Extent 119p.
Other physical details PB
440 ## - SERIES STATEMENT/ADDED ENTRY--TITLE
Title Guide For Internationals
600 ## - SUBJECT ADDED ENTRY--PERSONAL NAME
Personal name Sana Reynolds
942 ## - ADDED ENTRY ELEMENTS (KOHA)
Source of classification or shelving scheme
Koha item type Book
Holdings
Withdrawn status Lost status Source of classification or shelving scheme Damaged status Not for loan Collection code Permanent Location Current Location Shelving location Date acquired Total Checkouts Full call number Barcode Date last seen Price effective from Koha item type
            Central Library (CL) Central Library (CL) General Stacks 08/10/2015   650.1 REY 2011 NBS9338 08/10/2015 08/10/2015 Book
© 2023 Central Library, National University of Sciences and Technology. All Rights Reserved.